000 00379nam a2200145Ia 4500
008 210716s1983 xx 000 0 und d
020 _a0316236306
041 _aeng
082 _a301.072 EMER
100 _aEmerson, Robert M.
245 _aContemporary field research.
260 _aU S A
_bLittle Brown and Company
_c1983
300 _axii,335
650 _aGeneral Management
999 _c200938
_d200938